00878nam a2200229 a 4500001001000000003000500010005001700015008004100032010001100073011001100084040000900095100002800104245015400132260004100286500006000327502007500387650002900462650002900491650003600520650002200556856007000578000111377CHAP20220329144208.0150406s2015 mx a fsm |||||||spa d a107839 a108811 cCHAP1 aGonzaga Matias, Cecilio10aAspectos técnicos del proceso de producción lechero de ovejas, Rancho San José María, Querétaro.h[En línea]cpor Cecilio Gonzaga Matias. aChapingo, Méx. :bEl autor,c2015. aPara ver el contenido del material haga clic en la liga aTesis (Ing. Agr. Esp. en Zootecnia) -- UACH. Departamento de Zootecnia14aGanado lanarxCría de.14aGanado lanarxQueretaro.14aGanado lecheroxAlimentación.14aQuesoxProcesado. aFinding aiduhttp://10.13.5.2/tesis/sist111377.pdfzTeclea aquí